| 000 | | | 03926nmc2a22002533x 450 |
| 001 | | | fd0c73ea-b69e-43bd-a4ce-6e2bde4b5167 |
| 005 | | | 20230324183527.0 |
| 100 | ## | $a | 20220914l18951895k l0rusy0189 ca |
| 101 | 0# | $a | rus |
| 102 | ## | $a | RU |
| 105 | ## | $a | y### |
| 122 | 2# | $a | d |
| 200 | 1# | $a | Отчет о заседании Особой комиссии для осмотра Большого театра |
| | $j | 20 сентября 1895 г. |
| 215 | ## | $a | 11 л. |
| | $d | 36,5х26 см |
| 251 | ## | $c | Дело |
| 300 | ## | $a | Хозяйственная часть |
| 300 | ## | $a | Печатное |
| 371 | ## | $a | Документ не является опубликованным и широко распространяемым |
| 461 | #0 | $1 | 0019264ebf8-de62-4f1a-9eb4-9f22098dbbd5 |
| | $1 | 2001 |
| | $a | Дирекция императорских театров Министерства императорского двора |
| | $1 | 251 |
| | $c | Фонд |
| | $1 | 852 |
| | $j | 497 |
| 462 | #0 | $1 | 001106b0822-e2dd-4dea-9808-30312f6803e1 |
| | $1 | 2001 |
| | $a | Дела распорядительного отделения, постановочной и монтировочной части, хозяйственной части, счетного отделения, Театрально-литературного комитета и Московского отделения комитета; Оперного комитета, Хозяйственного комитета, комиссии по пересмотру штатов артистической службы, редакции "Ежегодника" императорских театров |
| | $1 | 251 |
| | $c | Опись |
| | $1 | 852 |
| | $j | 14 |
| 801 | #0 | $a | RU |
| | $b | РГИА |
| | $c | 20220914 |
| | $g | RCR |
| 801 | #1 | $a | RU |
| | $b | ГлавНИВЦ |
| | $c | 20220914 |
| | $2 | rusmarc |
| 801 | #2 | $a | RU |
| | $b | ПБ им. Б.Н. Ельцина |
| | $c | 20230324 |
| | $g | RCR |
| | $2 | rusmarc |
| 850 | ## | $a | РГИА |
| 852 | ## | $a | РГИА |
| | $e | Федеральное казенное учреждение "Российский государственный исторический архив" (РГИА) |
| | $j | 252 |
| 937 | ## | $h | РГИА |
| | $d | 12392286 |
| | $a | ASBIBLIO_SCAN |
| 035 | ## | $a | RusGRCC00052814 |
| 856 | ## | $u | http://readingroom.main.prlib.ru/item.aspx?id_node=n184350643&mode=full |